[Event "XXXI Memorial Edoardo Crespi B"]
[Site "Milano ITA"]
[Date "2010.12.05"]
[Round "3"]
[White "Cerioni, Armando"]
[Black "Miracola, Massimiliano"]
[Result "1-0"]
[WhiteElo "1986"]
[BlackElo "1862"]
[PlyCount "85"]
[EventDate "2010.12.04"]

1. f4 e5 2. fxe5 d6 3. exd6 Bxd6 4. Nf3 Nf6 5. d4 Ng4 6. Qd3 c5 7. Qe4+ Be6 8.
d5 Nf6 9. Qa4+ Bd7 10. Qb3 Qc7 11. Bg5 Na6 12. Bxf6 gxf6 13. Nbd2 O-O-O 14.
O-O-O b5 15. Ne4 c4 16. Nxd6+ Qxd6 17. Qc3 Rhe8 18. a4 Qf4+ 19. Kb1 b4 20. Qd4
Qxd4 21. Rxd4 Bxa4 22. e4 Bb5 23. Bxc4 Bxc4 24. Rxc4+ Kd7 25. Rc6 Nb8 26. Rxf6
Rxe4 27. Rxf7+ Re7 28. Ne5+ Kd6 29. Rxe7 Kxe7 30. Nc6+ Nxc6 31. dxc6 Rc8 32.
Re1+ Kd6 33. Re4 a5 34. Rh4 Rg8 35. c7 Kxc7 36. Rxh7+ Kd6 37. g3 Rg5 38. Ka2
Kd5 39. Rh4 Kc5 40. c3 Kb5 41. cxb4 axb4 42. Kb3 Ka5 43. Rxb4 1-0

[Event "XXXI Memorial Edoardo Crespi B"]
[Site "Milano ITA"]
[Date "2010.12.05"]
[Round "3"]
[White "Cimo', Alessandro"]
[Black "Trent, Alan M."]
[Result "1/2-1/2"]
[WhiteElo "1792"]
[BlackElo "1816"]
[PlyCount "116"]
[EventDate "2010.12.04"]

1. d4 Nf6 2. c4 c5 3. d5 b5 4. cxb5 a6 5. bxa6 Bxa6 6. Nc3 d6 7. e4 Bxf1 8.
Kxf1 Nbd7 9. g3 g6 10. Kg2 Bg7 11. h3 O-O 12. Nge2 c4 13. Be3 Qb8 14. Rb1 Qc8
15. f4 Nc5 16. Bxc5 Qxc5 17. Qd2 Nd7 18. Rhc1 Qb4 19. a3 Qa5 20. Rc2 Nc5 21.
Qe3 Rab8 22. Nd4 Bxd4 23. Qxd4 Rfc8 24. Qxc4 Na4 25. Qf1 Nxc3 26. bxc3 Rxb1 27.
Qxb1 Qxa3 28. Qc1 Qb3 29. Kf3 Qc4 30. Ke3 e6 31. Qd2 exd5 32. Qxd5 Qf1 33. Qd2
Qxh3 34. Qg2 Qg4 35. Qf3 Qe6 36. f5 Qb3 37. Kd2 Rf8 38. Qf4 d5 39. e5 Rd8 40.
fxg6 hxg6 41. Qb4 Rb8 42. Qxb3 Rxb3 43. Kd3 Kf8 44. Kd4 Ke7 45. Kxd5 Rb5+ 46.
Kd4 Ke6 47. Re2 Rd5+ 48. Kc4 Rxe5 49. Rxe5+ Kxe5 50. Kb5 Kd6 51. c4 Kc7 52. Kc5
f5 53. Kd5 g5 54. Ke5 f4 55. gxf4 gxf4 56. Kxf4 Kc6 57. Ke4 Kc5 58. Kd3 Kc6
1/2-1/2

[Event "XXXI Memorial Edoardo Crespi B"]
[Site "Milano ITA"]
[Date "2010.12.05"]
[Round "3"]
[White "Colombo, Luca"]
[Black "Moroni, Luca jr"]
[Result "1/2-1/2"]
[WhiteElo "1912"]
[BlackElo "1744"]
[PlyCount "158"]
[EventDate "2010.12.04"]

1. e4 c5 2. Nc3 d6 3. g3 Nf6 4. Bg2 Nc6 5. d3 e5 6. h3 Be7 7. Nge2 Bd7 8. O-O
h6 9. f4 a6 10. f5 b5 11. Qe1 Rc8 12. Bd2 Nd4 13. Rc1 O-O 14. g4 b4 15. Nd1
Nxe2+ 16. Qxe2 Nh7 17. Ne3 Bc6 18. Be1 Bg5 19. Qf2 Nf6 20. Bd2 Bf4 21. Bf3 Nd7
22. Ng2 Bxd2 23. Qxd2 f6 24. c4 a5 25. h4 Kh7 26. Ne3 Rg8 27. Rf2 Qe7 28. Rg2
Nb6 29. Nf1 Bd7 30. g5 Ra8 31. Bh5 Be8 32. Bd1 Bc6 33. Ne3 Ra7 34. Ng4 Qf8 35.
Nf2 Rc7 36. Be2 Ra7 37. Nh1 Ra8 38. Kf2 Qe7 39. Rcg1 Rac8 40. Bh5 Be8 41. Bxe8
Rcxe8 42. b3 Nc8 43. gxh6 gxh6 44. Rxg8 Rxg8 45. Rxg8 Kxg8 46. Qxh6 Qg7 47.
Qxg7+ Kxg7 48. Kf3 Ne7 49. Ng3 Nc6 50. Ke3 Kh6 51. Kf3 Nd4+ 52. Kf2 Nc6 53. Nf1
Ne7 54. Ne3 Kg7 55. Ng4 Ng8 56. Kf3 Kh7 57. Ne3 Ne7 58. Kg4 Kh6 59. h5 Kh7 60.
Ng2 Nc6 61. Kf3 Nd4+ 62. Ke3 Kh6 63. Nh4 Nc6 64. Ng6 Kxh5 65. Nf8 Kh6 66. Nd7
Kg7 67. Nb6 Nd8 68. Nc8 Nb7 69. Na7 Nd8 70. Kf3 Kf7 71. Kg4 Kg7 72. Nc8 Nb7 73.
Kh5 Kh7 74. Ne7 Kg7 75. Nd5 Nd8 76. Nc7 Nb7 77. Ne6+ Kh7 78. Nf8+ Kg7 79. Nd7
Nd8 1/2-1/2

[Event "XXXI Memorial Edoardo Crespi B"]
[Site "Milano ITA"]
[Date "2010.12.05"]
[Round "3"]
[White "De Santis, Massimo"]
[Black "Invernizzi, Ferruccio"]
[Result "1/2-1/2"]
[WhiteElo "1914"]
[BlackElo "1748"]
[PlyCount "59"]
[EventDate "2010.12.04"]

1. e4 d6 2. d4 Nf6 3. Nc3 g6 4. f3 Bg7 5. Be3 c6 6. Bd3 Nbd7 7. Nge2 e5 8. Qd2
b5 9. a3 a5 10. O-O O-O 11. b4 Bb7 12. Kh1 axb4 13. axb4 Qc7 14. d5 cxd5 15.
Nxb5 Qc6 16. exd5 Nxd5 17. Bf2 Nf4 18. Nxf4 exf4 19. Rxa8 Rxa8 20. Qxf4 Ne5 21.
Nd4 Nxd3 22. cxd3 Qc3 23. Qxd6 Qxd3 24. Re1 Qd2 25. Kg1 Bf8 26. Qb6 Qxb4 27.
Qxb4 Bxb4 28. Rb1 Bc3 29. Nb5 Be5 30. Bd4 1/2-1/2

[Event "XXXI Memorial Edoardo Crespi B"]
[Site "Milano ITA"]
[Date "2010.12.05"]
[Round "3"]
[White "Di Lascio, Savino"]
[Black "Hatipoglu, Metin"]
[Result "0-1"]
[WhiteElo "1940"]
[BlackElo "1832"]
[PlyCount "130"]
[EventDate "2010.12.04"]

1. e4 c5 2. Nf3 d6 3. Bb5+ Bd7 4. Bxd7+ Qxd7 5. O-O Nc6 6. Re1 e6 7. c3 Nf6 8.
a4 Be7 9. Na3 O-O 10. Nc4 Rad8 11. d4 cxd4 12. cxd4 Qc7 13. Na3 a6 14. Bg5 h6
15. Bh4 Nh7 16. Bxe7 Qxe7 17. Qd2 Ng5 18. Nxg5 hxg5 19. Rac1 Qf6 20. Red1 Qf4
21. Qe1 g6 22. b4 Qf6 23. Nc2 Rc8 24. b5 axb5 25. axb5 Nxd4 26. Rxd4 Rxc2 27.
Rxd6 Rxc1 28. Qxc1 Qe5 29. Rd3 Qxe4 30. Rg3 Qf4 31. Qc3 Rd8 32. h3 Rd1+ 33. Kh2
Qxf2 34. Rf3 Qg1+ 35. Kg3 Qe1+ 36. Qxe1 Rxe1 37. Rb3 Re5 38. Kf3 Kf8 39. b6 Rc5
40. Ke4 Ke7 41. Kd4 Kd6 42. Rf3 e5+ 43. Kd3 f5 44. Rg3 e4+ 45. Kd2 f4 46. Rg4
Kc6 47. h4 Kxb6 48. hxg5 Rf5 49. Ke2 Kc5 50. Rh4 Rxg5 51. Rxf4 Rxg2+ 52. Kf1
Rg5 53. Rxe4 b5 54. Ke2 Rd5 55. Rg4 g5 56. Ke3 Kb6 57. Ke4 Rc5 58. Kd3 Ka5 59.
Rg1 b4 60. Kd4 Kb5 61. Kd3 b3 62. Rg2 Kb4 63. Rg1 b2 64. Rb1 Kb3 65. Kd2 Ka2
0-1

[Event "XXXI Memorial Edoardo Crespi B"]
[Site "Milano ITA"]
[Date "2010.12.05"]
[Round "3"]
[White "Dogic, Mirhad"]
[Black "Attuati, Stefano"]
[Result "0-1"]
[WhiteElo "1800"]
[BlackElo "1987"]
[PlyCount "58"]
[EventDate "2010.12.04"]

1. f4 e5 2. fxe5 d6 3. e4 Qh4+ 4. g3 Qxe4+ 5. Kf2 dxe5 6. Bg2 Bc5+ 7. Kf1 Qf5+
8. Bf3 Nf6 9. h3 Nc6 10. d3 O-O 11. Kg2 e4 12. dxe4 Nxe4 13. g4 Qf6 14. Qf1 Qe5
15. Ne2 f5 16. g5 b6 17. c3 Bb7 18. Bf4 Qe7 19. h4 Ne5 20. Nd4 Bxd4 21. cxd4
Nxf3 22. Qxf3 Nd2 23. Qxb7 Qe2+ 24. Kg3 Ne4+ 25. Qxe4 fxe4 26. Nd2 Rxf4 27.
Kxf4 Qxd2+ 28. Ke5 Re8+ 29. Kf5 Qf2+ 0-1

[Event "XXXI Memorial Edoardo Crespi B"]
[Site "Milano ITA"]
[Date "2010.12.05"]
[Round "3"]
[White "Fornasir, Carlo Gustavo"]
[Black "Pasquotto, Mirko"]
[Result "1-0"]
[WhiteElo "1876"]
[BlackElo "1926"]
[PlyCount "61"]
[EventDate "2010.12.04"]

1. e4 c5 2. Nf3 d6 3. c3 Nf6 4. Be2 Nc6 5. d3 g6 6. O-O Bg7 7. h3 O-O 8. Be3 a6
9. Nbd2 b5 10. d4 cxd4 11. cxd4 e5 12. d5 Ne7 13. a4 Bd7 14. axb5 Bxb5 15. Bxb5
axb5 16. Qb3 Qd7 17. Ra3 Rxa3 18. bxa3 Nh5 19. Rb1 Ra8 20. Qxb5 Qxb5 21. Rxb5
h6 22. Nc4 f5 23. Nxd6 Rxa3 24. Rb8+ Kh7 25. Rb7 fxe4 26. Rxe7 exf3 27. Ne8
fxg2 28. d6 Rd3 29. Nxg7 Nxg7 30. d7 Rd6 31. Bb6 1-0

[Event "XXXI Memorial Edoardo Crespi B"]
[Site "Milano ITA"]
[Date "2010.12.05"]
[Round "3"]
[White "Forno, Roberto"]
[Black "Bonassi, Tommaso"]
[Result "1-0"]
[WhiteElo "1940"]
[BlackElo "1819"]
[PlyCount "93"]
[EventDate "2010.12.04"]

1. d4 Nf6 2. Bg5 e6 3. Nd2 h6 4. Bh4 d5 5. e3 Be7 6. Ngf3 O-O 7. Bd3 Nbd7 8.
O-O c5 9. c3 Re8 10. Qe2 Qb6 11. b3 Bd6 12. e4 e5 13. c4 exd4 14. cxd5 Nxd5 15.
Nc4 Qc7 16. Nxd6 Qxd6 17. Bg3 Qe7 18. Rfe1 Nc3 19. Qd2 b6 20. e5 Bb7 21. Nh4
Qg5 22. f4 Qh5 23. Nf5 Bd5 24. Nd6 Re6 25. f5 Re7 26. f6 gxf6 27. Nf5 Re6 28.
Nxh6+ Kg7 29. Nf5+ Kf8 30. exf6 Nxf6 31. Rxe6 fxe6 32. Rf1 Kf7 33. Nd6+ Ke7 34.
Qf4 Rf8 35. Bh4 Qh8 36. Qe5 Nxa2 37. Bg6 d3 38. Nf5+ Kd7 39. Qd6+ Kc8 40. Ne7+
Kb7 41. Nxd5 Qxh4 42. Nxf6 Nc3 43. Bxd3 Rf7 44. Qxe6 Qd4+ 45. Kh1 Rxf6 46. Qxf6
Qxd3 47. Qf3+ 1-0

[Event "XXXI Memorial Edoardo Crespi B"]
[Site "Milano ITA"]
[Date "2010.12.05"]
[Round "3"]
[White "Franco, Alessandro P."]
[Black "Piantoni, Pierino"]
[Result "1-0"]
[WhiteElo "1906"]
[BlackElo "1960"]
[PlyCount "63"]
[EventDate "2010.12.04"]

1. e4 e6 2. d4 d5 3. Nc3 Bb4 4. e5 c5 5. a3 Ba5 6. b4 cxd4 7. Nb5 Bc7 8. Nf3
Bd7 9. Nbxd4 Nc6 10. Nxc6 bxc6 11. Bd3 a5 12. Bb2 Qb8 13. Qd2 axb4 14. Qg5 Kf8
15. O-O Bd8 16. Qf4 c5 17. axb4 Rxa1 18. Rxa1 h6 19. Ba3 c4 20. Bg6 Be8 21. Nd4
Qc8 22. Nc6 Ne7 23. b5 Kg8 24. Bxe7 fxg6 25. Nxd8 Qc7 26. Ra8 Qxe7 27. Nc6 Qb7
28. Rxe8+ Kh7 29. Rxh8+ Kxh8 30. Qf8+ Kh7 31. Ne7 h5 32. h4 1-0

[Event "XXXI Memorial Edoardo Crespi B"]
[Site "Milano ITA"]
[Date "2010.12.05"]
[Round "3"]
[White "Ganci, Stefano"]
[Black "Paganini, Andrea"]
[Result "1/2-1/2"]
[WhiteElo "1891"]
[BlackElo "1840"]
[PlyCount "56"]
[EventDate "2010.12.04"]

1. b4 d5 2. Bb2 Nf6 3. e3 e6 4. b5 c5 5. Nf3 a6 6. a4 axb5 7. axb5 Rxa1 8. Bxa1
c4 9. Nc3 Qa5 10. Be2 Bd7 11. O-O Bxb5 12. Nxb5 Qxb5 13. Qb1 Qc6 14. Ne5 Qc7
15. Qb5+ Nbd7 16. Rb1 Bd6 17. Nxd7 Qxd7 18. Qxd7+ Kxd7 19. Rxb7+ Bc7 20. d3 Kc6
21. Rb1 cxd3 22. cxd3 Rd8 23. Rc1+ Kd7 24. Rb1 Rb8 25. Rxb8 Bxb8 26. Bd1 Ke7
27. Ba4 g6 28. Bc3 Nd7 1/2-1/2

[Event "XXXI Memorial Edoardo Crespi B"]
[Site "Milano ITA"]
[Date "2010.12.05"]
[Round "3"]
[White "Guidi, Giacomo G."]
[Black "Villa, Giorgio"]
[Result "1/2-1/2"]
[WhiteElo "1996"]
[BlackElo "1732"]
[PlyCount "54"]
[EventDate "2010.12.04"]

1. Nf3 d5 2. g3 Nf6 3. Bg2 c6 4. O-O Bf5 5. d3 Nbd7 6. Nbd2 e6 7. Re1 h6 8. e4
dxe4 9. dxe4 Bh7 10. Qe2 Be7 11. a3 Nc5 12. Ne5 Qc7 13. f4 O-O 14. b4 Ncd7 15.
Nd3 a5 16. Rb1 axb4 17. axb4 Ra4 18. c4 Rd8 19. Kh1 Qb6 20. c5 Qb5 21. Bf1 Qa6
22. Bb2 b6 23. Qf3 Qa7 24. f5 e5 25. Ra1 bxc5 26. Rxa4 Qxa4 27. bxc5 Nxc5
1/2-1/2

[Event "XXXI Memorial Edoardo Crespi B"]
[Site "Milano ITA"]
[Date "2010.12.05"]
[Round "3"]
[White "Guzzetti, Luigi Enrico"]
[Black "Bernago, Federico"]
[Result "1/2-1/2"]
[WhiteElo "1889"]
[BlackElo "1955"]
[PlyCount "53"]
[EventDate "2010.12.04"]

1. e4 c5 2. Nf3 e6 3. d4 cxd4 4. Nxd4 a6 5. Nc3 Qc7 6. Be2 Nf6 7. O-O Nc6 8.
Be3 Bb4 9. f3 O-O 10. a3 Be7 11. Nb3 b5 12. Qe1 Rd8 13. Qf2 Rb8 14. f4 d6 15.
Rad1 Nd7 16. Bf3 Nb6 17. Bxb6 Qxb6 18. Kh1 Qxf2 19. Rxf2 Bd7 20. Rfd2 Be8 21.
Ne2 Rdc8 22. c3 Nd8 23. Ned4 Nb7 24. g3 Nc5 25. Nxc5 Rxc5 26. Nb3 Rcc8 27. Kg2
1/2-1/2

[Event "XXXI Memorial Edoardo Crespi B"]
[Site "Milano ITA"]
[Date "2010.12.05"]
[Round "3"]
[White "Illyuviev, Oleg"]
[Black "Guidi, Paolo"]
[Result "1-0"]
[WhiteElo "1988"]
[BlackElo "1874"]
[PlyCount "92"]
[EventDate "2010.12.04"]

1. c4 e5 2. Nc3 d6 3. g3 Nf6 4. d4 exd4 5. Qxd4 Nc6 6. Qe3+ Be7 7. Nd5 Nxd5 8.
cxd5 Ne5 9. Nf3 Ng4 10. Qd3 O-O 11. Bg2 Bf6 12. O-O Re8 13. h3 Ne5 14. Nxe5
Bxe5 15. f4 Bf6 16. g4 Bh4 17. b4 Bd7 18. Be4 Qe7 19. Bxh7+ Kh8 20. Bf5 Bxf5
21. Qxf5 g6 22. Qc2 Qxe2 23. Qc3+ Kg8 24. Bd2 Re4 25. Rae1 Bxe1 26. Rxe1 Qc4
27. Qxc4 Rxc4 28. Kf2 Kf8 29. f5 gxf5 30. Bh6+ Kg8 31. gxf5 Kh7 32. Bg5 Rc8 33.
Re7 Kg7 34. h4 c6 35. Rxb7 cxd5 36. Kf3 R8c7 37. Rb5 f6 38. Bf4 Re4 39. Bxd6
Rc3+ 40. Kf2 Rc2+ 41. Kf3 Rc3+ 42. Kf2 Rxh4 43. Rb7+ Kh6 44. Rxa7 Kg5 45. b5
Rd4 46. Ke2 Rdc4 1-0

[Event "XXXI Memorial Edoardo Crespi B"]
[Site "Milano ITA"]
[Date "2010.12.05"]
[Round "3"]
[White "Juciute, Einora"]
[Black "Velluti, Alberto"]
[Result "1-0"]
[WhiteElo "1843"]
[BlackElo "1947"]
[PlyCount "77"]
[EventDate "2010.12.04"]

1. e4 e5 2. Nf3 Nc6 3. Bb5 a6 4. Ba4 Nf6 5. O-O Be7 6. Bxc6 dxc6 7. Qe1 Nd7 8.
a4 O-O 9. Na3 Re8 10. Nc4 Bf8 11. d3 f6 12. Nh4 Nc5 13. Ne3 Ne6 14. Nef5 Nd4
15. Ne3 Be6 16. Qd1 Qd7 17. g3 b5 18. f4 exf4 19. gxf4 Bc5 20. f5 Bf7 21. Kh1
b4 22. Ng4 b3 23. c3 Nc2 24. Bh6 Qe7 25. Bxg7 Kxg7 26. Qd2 Kh8 27. e5 Bd5+ 28.
Nf3 Nxa1 29. d4 fxe5 30. f6 Qd7 31. Qg5 exd4 32. Nh6 Re1 33. Rxe1 Bxf3+ 34. Kg1
dxc3+ 35. Qxc5 Re8 36. Rxa1 c2 37. Rf1 Rd8 38. f7 Qd6 39. Qc3+ 1-0

[Event "XXXI Memorial Edoardo Crespi B"]
[Site "Milano ITA"]
[Date "2011.12.05"]
[Round "3"]
[White "Lancianese, Giuseppe"]
[Black "Silari, Andrea"]
[Result "0-1"]
[WhiteElo "1784"]
[BlackElo "1805"]
[PlyCount "34"]
[EventDate "2010.12.04"]

1. e4 c5 2. Nf3 Nc6 3. d4 cxd4 4. Nxd4 Nf6 5. Nc3 d6 6. Be2 e6 7. O-O Be7 8.
Be3 O-O 9. Nxc6 bxc6 10. Bf3 d5 11. Qd2 Ba6 12. Rfd1 Qc7 13. a3 Rfd8 14. exd5
cxd5 15. Be2 Bxe2 16. Qxe2 Rab8 17. Bf4 Qxf4 0-1

[Event "XXXI Memorial Edoardo Crespi B"]
[Site "Milano ITA"]
[Date "2010.12.05"]
[Round "3"]
[White "Mansueti, Marco"]
[Black "Arboscelli, Gregorio"]
[Result "1/2-1/2"]
[WhiteElo "1873"]
[BlackElo "1906"]
[PlyCount "97"]
[EventDate "2010.12.04"]

1. e4 c5 2. Nf3 d6 3. d4 cxd4 4. Nxd4 Nf6 5. Nc3 g6 6. Be2 Bg7 7. Be3 O-O 8.
Qd2 Ng4 9. Bxg4 Bxg4 10. Bh6 Nc6 11. Bxg7 Kxg7 12. h3 Bd7 13. O-O-O Qa5 14. f4
Kg8 15. g4 Rac8 16. Kb1 Nxd4 17. Qxd4 Be6 18. Nd5 Bxd5 19. exd5 b5 20. Rd3 Rc4
21. Qe3 Rfc8 22. Ra3 Ra4 23. Rxa4 Qxa4 24. b3 Qb4 25. Qxe7 Qxf4 26. Rc1 a5 27.
Qb7 Rc5 28. Qa8+ Kg7 29. Qxa5 Qd4 30. Qa7 Qxd5 31. Rf1 Qe6 32. Qb7 Re5 33. Qc6
b4 34. Rd1 Re1 35. Qf3 d5 36. Rxe1 Qxe1+ 37. Kb2 Qe4 38. Qg3 d4 39. Qd6 f5 40.
gxf5 gxf5 41. Qxb4 f4 42. Qc5 f3 43. Qg5+ Kf7 44. Qh5+ Kf6 45. Qh6+ Ke5 46.
Qg5+ Qf5 47. Qe7+ Kf4 48. Qh4+ Ke5 49. Qe7+ 1/2-1/2

[Event "XXXI Memorial Edoardo Crespi B"]
[Site "Milano ITA"]
[Date "2010.12.05"]
[Round "3"]
[White "Marchini, Daniele"]
[Black "Petrone, Gianmario"]
[Result "0-1"]
[WhiteElo "1847"]
[BlackElo "1778"]
[PlyCount "58"]
[EventDate "2010.12.04"]

1. d4 d5 2. c4 c6 3. e3 Nf6 4. Nc3 Bf5 5. Bd3 Bxd3 6. Qxd3 e6 7. Nf3 Nbd7 8.
O-O Bd6 9. Re1 O-O 10. h3 h6 11. b3 a6 12. c5 Bc7 13. Bd2 e5 14. e4 dxe4 15.
Nxe4 Nxe4 16. Rxe4 Nxc5 17. Qe3 Nxe4 18. Qxe4 exd4 19. Qg4 Qf6 20. Re1 Rfe8 21.
Rxe8+ Rxe8 22. g3 d3 23. Nd4 Bb6 24. Nf5 Re2 25. Nxh6+ Kh7 26. Nf5 Bxf2+ 27.
Kg2 Be3+ 28. Qxe2 dxe2 29. Nxe3 Qd4 0-1

[Event "XXXI Memorial Edoardo Crespi B"]
[Site "Milano ITA"]
[Date "2010.12.05"]
[Round "3"]
[White "Marino, Marco"]
[Black "Cardani, Roberto"]
[Result "1/2-1/2"]
[WhiteElo "1775"]
[BlackElo "1933"]
[PlyCount "37"]
[EventDate "2010.12.04"]

1. d4 Nf6 2. Nf3 d5 3. e3 e6 4. Bd3 c5 5. c3 Nbd7 6. Nbd2 Be7 7. O-O O-O 8. e4
dxe4 9. Nxe4 b6 10. dxc5 Nxc5 11. Nxc5 Bxc5 12. Bg5 Bb7 13. Qe2 Be7 14. Rad1
Qc7 15. Ne5 Rad8 16. Rfe1 Qc8 17. Bc4 Bd5 18. Ba6 Bb7 19. Bc4 1/2-1/2

[Event "XXXI Memorial Edoardo Crespi B"]
[Site "Milano ITA"]
[Date "2010.12.05"]
[Round "3"]
[White "Memarian, Milad"]
[Black "Mei, Gianluca"]
[Result "1-0"]
[WhiteElo "2018"]
[BlackElo "1881"]
[PlyCount "79"]
[EventDate "2010.12.04"]

1. Nf3 d5 2. c4 e6 3. d4 Nf6 4. g3 c6 5. b3 Be7 6. Bg2 Nbd7 7. O-O O-O 8. Qc2
b6 9. Ne5 Bb7 10. cxd5 cxd5 11. Nc6 Bxc6 12. Qxc6 Rc8 13. Qb5 Qc7 14. Ba3 Bxa3
15. Nxa3 Qb7 16. Qd3 a6 17. Nc2 b5 18. a3 Rc7 19. Qd2 Rfc8 20. Ra2 Rc3 21. Rb1
Qc7 22. Rbb2 Qb6 23. h3 Ne4 24. Bxe4 dxe4 25. Ne3 Rc1+ 26. Kg2 Qb7 27. Rc2
R1xc2 28. Rxc2 Nb6 29. Rxc8+ Qxc8 30. Qb4 Nd5 31. Nxd5 exd5 32. Qd6 Qa8 33. b4
h5 34. g4 hxg4 35. hxg4 g6 36. Kg3 Qb7 37. Kf4 Kg7 38. Ke5 Qa8 39. Qxd5 Qe8+
40. Kf4 1-0

[Event "XXXI Memorial Edoardo Crespi B"]
[Site "Milano ITA"]
[Date "2010.01.05"]
[Round "3"]
[White "Monticone, Sonia"]
[Black "Colica, Daniele"]
[Result "1/2-1/2"]
[WhiteElo "1827"]
[BlackElo "1753"]
[PlyCount "58"]
[EventDate "2010.12.04"]

1. c4 Nf6 2. Nc3 e5 3. g3 c6 4. d4 Qb6 5. dxe5 Ng4 6. e3 Nxe5 7. Nf3 d6 8. Nxe5
dxe5 9. Bg2 Be6 10. b3 Nd7 11. Bb2 Be7 12. O-O O-O 13. Qe2 f5 14. Rfd1 Rad8 15.
Bh3 Nc5 16. e4 f4 17. Bxe6+ Nxe6 18. Rxd8 Qxd8 19. Qg4 Nd4 20. Ne2 Nxe2+ 21.
Qxe2 fxg3 22. hxg3 Bc5 23. Rf1 Qg5 24. Kg2 Rd8 25. Bc1 Qf6 26. Rh1 Rd4 27. f3
Rd7 28. Rd1 Rxd1 29. Qxd1 Bd4 1/2-1/2

[Event "XXXI Memorial Edoardo Crespi B"]
[Site "Milano ITA"]
[Date "2010.12.05"]
[Round "3"]
[White "Morandi, Daniele"]
[Black "Gongalov, Bojan"]
[Result "0-1"]
[WhiteElo "1925"]
[BlackElo "2026"]
[PlyCount "76"]
[EventDate "2010.12.04"]

1. e4 c5 2. Nf3 e6 3. d4 cxd4 4. Nxd4 a6 5. Nc3 Qc7 6. Be2 b5 7. a3 Bb7 8. O-O
Nf6 9. Qd3 d6 10. f4 Nbd7 11. Kh1 Nc5 12. Ncxb5 axb5 13. Qxb5+ Nfd7 14. b4 Ba6
15. Qc6 Qxc6 16. Nxc6 Bxe2 17. Re1 Ba6 18. bxc5 Nxc5 19. Bb2 Bb7 20. Nb4 Bxe4
21. Re3 f5 22. Rg3 Kf7 23. h4 h5 24. Rd1 Rh7 25. Nd3 Nxd3 26. cxd3 Bd5 27. Rc1
Ra7 28. Rc8 Be7 29. d4 Rb7 30. Bc1 Bxh4 31. Rgc3 Be7 32. a4 h4 33. Kh2 Rh6 34.
R3c7 Rg6 35. Rxb7 Rxg2+ 36. Kh3 Bxb7 37. Rc7 Be4 38. Be3 Rg3+ 0-1

[Event "XXXI Memorial Edoardo Crespi B"]
[Site "Milano ITA"]
[Date "2010.12.05"]
[Round "3"]
[White "Nepi, Ezio"]
[Black "Bisignano, Giuseppe"]
[Result "1-0"]
[WhiteElo "1904"]
[BlackElo "1898"]
[PlyCount "40"]
[EventDate "2010.12.04"]

1. d4 Nf6 2. c4 e6 3. Nc3 Bb4 4. Qc2 c5 5. dxc5 Nc6 6. Nf3 Bxc5 7. Bg5 Qb6 8.
e3 Ng4 9. Be2 h6 10. Bh4 Bxe3 11. fxe3 Nxe3 12. Qd2 Nxg2+ 13. Kf1 Ne3+ 14. Ke1
Nd4 15. Nxd4 Ng2+ 16. Kd1 Nxh4 17. Kc2 O-O 18. Rag1 e5 19. Nd5 Qxd4 20. Qxh6
Ng6 1-0

[Event "XXXI Memorial Edoardo Crespi B"]
[Site "Milano ITA"]
[Date "2010.12.05"]
[Round "3"]
[White "Olivieri, Alessandro"]
[Black "Laurino, Alberto"]
[Result "1/2-1/2"]
[WhiteElo "1937"]
[BlackElo "1801"]
[PlyCount "130"]
[EventDate "2010.12.04"]

1. d4 Nf6 2. c4 e6 3. g3 d5 4. Nf3 c6 5. Bg2 Nbd7 6. Nbd2 Be7 7. O-O O-O 8. Qc2
Re8 9. Ne5 Nxe5 10. dxe5 Nd7 11. f4 Nf8 12. Kh1 Ng6 13. c5 Rb8 14. b4 b6 15.
Nb3 bxc5 16. bxc5 Ba6 17. Bb2 Qc7 18. h4 Bc4 19. h5 Nf8 20. Bd4 Rb4 21. Bg1
Reb8 22. Rab1 a5 23. Bf3 Bxb3 24. Rxb3 Rxb3 25. axb3 Rb5 26. e4 Qb7 27. Rb1 Nd7
28. exd5 exd5 29. Be2 Rb4 30. Bd3 Nf8 31. Be3 Qd7 32. Bf5 Qd8 33. Bd3 Rb8 34.
Ra1 d4 35. Bd2 Qd5+ 36. Be4 Qxc5 37. Rxa5 Qxc2 38. Bxc2 Bb4 39. Bxb4 Rxb4 40.
Rc5 Rb6 41. Be4 Rxb3 42. Rxc6 Rxg3 43. Kh2 Rg4 44. Rc8 Rh4+ 45. Kg3 Rxh5 46.
Rd8 Rh6 47. f5 Rb6 48. Bd5 Ra6 49. Kf4 h5 50. Re8 g6 51. Re7 gxf5 52. Bxf7+ Kh8
53. Kxf5 d3 54. Bxh5 d2 55. Re8 Kg7 56. Re7+ Kg8 57. Be2 Ra1 58. Bc4+ Kh8 59.
Be2 d1=Q 60. Bxd1 Rxd1 61. e6 Rf1+ 62. Ke4 Re1+ 63. Kd5 Rd1+ 64. Kc6 Re1 65.
Kd6 Rxe6+ 1/2-1/2

[Event "XXXI Memorial Edoardo Crespi B"]
[Site "Milano ITA"]
[Date "2010.12.05"]
[Round "3"]
[White "Orsi, Matteo"]
[Black "Motola, Jacopo"]
[Result "1/2-1/2"]
[WhiteElo "1954"]
[BlackElo "1837"]
[PlyCount "46"]
[EventDate "2010.12.04"]

1. d4 d5 2. Nf3 e6 3. c4 c5 4. cxd5 exd5 5. dxc5 Bxc5 6. g3 Nf6 7. Bg2 Nc6 8.
O-O Be6 9. b3 O-O 10. Bb2 Qe7 11. Nd4 Rfd8 12. e3 Rac8 13. Nd2 Nxd4 14. exd4
Bb6 15. Nf3 Bf5 16. Rc1 Rxc1 17. Qxc1 Rc8 18. Qf4 Qe4 19. Qxe4 Bxe4 20. Rd1 Rc2
21. Rd2 Ba5 22. Rxc2 Bxc2 23. Ne5 Kf8 1/2-1/2

[Event "XXXI Memorial Edoardo Crespi B"]
[Site "Milano ITA"]
[Date "2010.12.05"]
[Round "3"]
[White "Oteri, Aldo"]
[Black "Margstahler, Francesco"]
[Result "1-0"]
[WhiteElo "1833"]
[BlackElo "1790"]
[PlyCount "53"]
[EventDate "2010.12.04"]

1. e4 c6 2. d4 d5 3. exd5 cxd5 4. c4 Nf6 5. Nc3 e6 6. Nf3 Be7 7. cxd5 Nxd5 8.
Bd3 O-O 9. O-O Nc6 10. Re1 Nf6 11. h3 b6 12. Bf4 Bb7 13. Rc1 Nb4 14. Bb1 Nfd5
15. Be5 Bf6 16. a3 Nxc3 17. bxc3 Nd5 18. c4 Bxe5 19. cxd5 Bf4 20. dxe6 fxe6 21.
Qd3 g6 22. Rxe6 Rf6 23. Rce1 Rxe6 24. Rxe6 Bxf3 25. Qxf3 Qc8 26. Ba2 Kh8 27.
Qxf4 1-0

[Event "XXXI Memorial Edoardo Crespi B"]
[Site "Milano ITA"]
[Date "2010.12.05"]
[Round "3"]
[White "Palmieri, Giovanni"]
[Black "Libutti, Michele"]
[Result "1/2-1/2"]
[WhiteElo "1806"]
[BlackElo "1781"]
[PlyCount "110"]
[EventDate "2010.12.04"]

1. d4 Nf6 2. c4 g6 3. Nc3 Bg7 4. e4 d6 5. f4 O-O 6. Nf3 c5 7. d5 Bg4 8. h3 Bxf3
9. Qxf3 Nbd7 10. Bd3 a6 11. a4 e6 12. O-O exd5 13. cxd5 Qb6 14. a5 Qc7 15. Bc4
b5 16. axb6 Qxb6 17. Rb1 Qc7 18. Re1 Nb6 19. Bf1 Nfd7 20. Bd2 Rfe8 21. Bd3 c4
22. Bc2 Nc5 23. Ne2 Nba4 24. Nc3 Nxc3 25. Bxc3 Bxc3 26. Qxc3 Qb6 27. Kh1 Nb3
28. e5 dxe5 29. fxe5 Rab8 30. Rbd1 Qb4 31. Qxb4 Rxb4 32. d6 Nc5 33. Rd5 Ne6 34.
d7 Rd8 35. Re4 Rxb2 36. Rxc4 Rb5 37. Rd6 Kg7 38. Rc8 Rb8 39. Rxb8 Rxb8 40. Bd3
a5 41. Bc4 Rd8 42. Ba6 a4 43. Bc8 Kf8 44. Ra6 Nc5 45. Ra5 Nxd7 46. Bxd7 Rxd7
47. Rxa4 Ke7 48. Re4 Ke6 49. Kh2 Rd5 50. Ra4 Rxe5 51. Ra8 Kf6 52. Ra6+ Re6 53.
Ra3 Kf5 54. Rf3+ Kg5 55. Rxf7 h5 1/2-1/2

[Event "XXXI Memorial Edoardo Crespi B"]
[Site "Milano ITA"]
[Date "2010.12.05"]
[Round "3"]
[White "Piazza, Angelo"]
[Black "Ciciotti, Augusto"]
[Result "0-1"]
[WhiteElo "1959"]
[BlackElo "1909"]
[PlyCount "139"]
[EventDate "2010.12.04"]

1. Nf3 Nf6 2. d4 g6 3. Bf4 Bg7 4. e3 d6 5. h3 O-O 6. Nbd2 Re8 7. Bh2 Nbd7 8.
Bc4 c6 9. O-O e5 10. dxe5 dxe5 11. c3 b5 12. Be2 Bb7 13. Qc2 Qb6 14. a4 a6 15.
a5 Qa7 16. Ng5 h6 17. Nge4 c5 18. Nd6 Re6 19. Nxb7 Qxb7 20. Rfd1 Rae8 21. c4 b4
22. b3 e4 23. Nf1 Qc6 24. Rd2 R8e7 25. Rad1 Ne8 26. g4 Bc3 27. Rd5 Ndf6 28. Rd8
Kg7 29. h4 Be5 30. Bxe5 Rxe5 31. Ng3 Qe6 32. Ra8 Nxg4 33. Bxg4 Qxg4 34. Rxa6
Nf6 35. Qe2 Qxh4 36. Kg2 Qg5 37. Ra8 h5 38. Kf1 h4 39. Nh1 Ng4 40. Ke1 Nh2 41.
Kd2 Rd7+ 42. Kc2 Ree7 43. a6 Qe5 44. Rxd7 Rxd7 45. Kb1 Qc3 46. Qc2 Qxc2+ 47.
Kxc2 Nf3 48. Rc8 Ne1+ 49. Kc1 Nd3+ 50. Kc2 g5 51. Rb8 Ra7 52. Rb6 g4 53. Kd2
Ne5 54. Ke2 Nf3 55. Kd1 Ng5 56. Kc1 Ne6 57. Kd1 Nc7 58. Rb7 Rxa6 59. Rxc7 Ra1+
60. Ke2 Rxh1 61. Rxc5 Kg6 62. Rd5 h3 63. Rd8 Rb1 64. Rh8 Rxb3 65. c5 Rc3 66.
Rh4 f5 67. Rh8 Rxc5 68. Rb8 Rc2+ 69. Kf1 Rc1+ 70. Ke2 0-1